书目信息 |
| 题名: |
智圣东方朔:天纵
|
|
| 作者: | 龙吟 著 | |
| 分册: | ||
| 出版信息: | 北京 作家出版社 2000.01 |
|
| 页数: | 402页 | |
| 开本: | 32开 | |
| 丛书名: | ||
| 单 册: | ||
| 中图分类: | I247.5 | |
| 科图分类: | ||
| 主题词: | 小说--中国 | |
| 电子资源: | ||
| ISBN: | 7-5063-1814-8 | |
| 000 | 00502nam0 2200181 45 | |
| 001 | 0011061523 | |
| 005 | 20081103093641.56 | |
| 010 | @a7-5063-1814-8@d22.00元 | |
| 100 | @a20001106d2000 km y0chiy0120 ea | |
| 101 | 0 | @achi |
| 200 | 1 | @a智圣东方朔:天纵@AZhi Sheng Dong Fang Shuo:Tian Zong@f龙吟著@FLong Yin Zhu |
| 210 | @a北京@c作家出版社@d2000.01 | |
| 215 | @a402页@d32开 | |
| 606 | 0 | @a小说@x中国 |
| 690 | @aI247.5@v3 | |
| 701 | 0 | @a龙吟@4著 |
| 801 | @aCN@c20081103 | |
| 905 | @b199316-317@dI247.5@eL595@f2 | |
| 智圣东方朔:天纵/龙吟著.-北京:作家出版社,2000.01 |
| 402页;32开 |
| ISBN 7-5063-1814-8:22.00元 |
| ● |
| 相关链接 |
|
|
|
正题名:智圣东方朔:天纵
索取号:I247.5/L595
 
预约/预借
| 序号 | 登录号 | 条形码 | 馆藏地/架位号 | 状态 | 备注 |
| 1 | 199316 | 201993165 | 文学库108/108文学库 33排1列5层/ [索取号:I247.5/L595] | 在馆 | |
| 2 | 199317 | 201993174 | 文学库108/108文学库 33排1列5层/ [索取号:I247.5/L595] | 在馆 | |
| 3 | 460548 | 204605481 | 文学库108/108文学库 33排1列5层/ [索取号:I247.5/L595] | 在馆 |